000 00297nam a2200109Ia 4500
008 190802s9999 xx 000 0 und d
100 _aDr. Sadaf Fatima
245 0 _aKhawateen ky Urdu Safar Namun Ka Tehkiki Mutala
260 _aKarachi
_bAnjuman Tarakki Urdu
_c2011
300 _a375:p
942 _cBK
999 _c2422
_d2422